| 000 | 01086cam a22002054a 4500 | ||
|---|---|---|---|
| 005 | 20250605164131.0 | ||
| 008 | 250528s ||||||||||||||||||||||||d | ||
| 035 | _a18655 | ||
| 020 | _a415046920 | ||
| 040 |
_aGR-AtMCL _bgre _dGR-AtMCL _eAACR2 |
||
| 245 | 1 | _aPopular Film and Television / Popular Fiction Series | |
| 260 |
_bRouledge, _c1994 |
||
| 300 | _a294 | ||
| 520 | _aDespite its immense and longstanding popularity, comedy has been relatively neglected in recent theoretical and historical work on film, television, and other popular media. This book seeks to redress the balance. Acknowledgements, Introduction, Definitions and Genres and Forms, Comedy and Narrative, Gags and Jokes and Wisecracks and Comic Events, Laughter and Humor and the Comic, Verisimilitude, Hollywood and Comedy and the Case of Silent Slapstick, The Comedy of the Sexes, Comedy and Television and Variety, Broadcast Comedy and Sit-Com, Notes and References, Index. | ||
| 700 | 1 |
_aKrutnik Frank _94919 |
|
| 700 | 1 |
_aNeale Steve _94920 |
|
| 942 | _cBK | ||
| 999 |
_c4000 _d4000 |
||